| 000 | 00696nam a2200217Ia 4500 | ||
|---|---|---|---|
| 003 | GCL | ||
| 008 | 140319s9999 xx 000 0 ara d | ||
| 040 |
_aGCL / _cGCL |
||
| 082 | 0 | 4 |
_a932.094 _bم م |
| 100 | 1 | _aمحمد احمد حسين | |
| 245 | 1 | 0 |
_aمكتبة الاسكندرية فى العالم القديم / _cمحمد احمد حسين |
| 250 | _aالاولى | ||
| 260 |
_aالقاهرة : _bالمؤلف ، _c1943 |
||
| 300 |
_a86 , 12 ص ؛ _c20 سم |
||
| 650 | 0 | 4 | _aمصر |
| 650 | 0 | 4 | _aمكتبة الاسكندرية القديمة |
| 650 | 0 | 4 | _aالمعارف العامة |
| 650 | 0 | 4 | _aالمكتبات العامة |
| 650 | 0 | 4 | _aالمكتبات |
| 942 |
_2ddc _cBK |
||
| 999 |
_c58628 _d58628 |
||